00812nam a2200241 a 4500999001500000001000600015003000900021005001700030008004100047020001800088040003300106082001900139245008600158250001200244260003200256300004700288504005100335650001900386650001800405700001800423942001200441952011700453 c5167d516718894BD-DhUAP20230619124737.0201202s2010 paua b 001 0 eng d a9780323053747 aDNLM/DLCcDLCdBD-DhUAPbEng00223a615.58 BRO aBrody's human pharmacology : bmolecular to clinical /cLynn Wecker ... [et al.]. a5th ed. aLondon :bElsevier,cc2010. axviii, 688 pages :bIllustrations;c28 cm. aIncludes bibliographical references and index. aPharmacology.  aChemotherapy. aWecker, Lynn. 2ddccBK 00102ddc4070aUAPCLbUAPCLcGeneral Stacksd2020-12-02o615.58 BROp3010018894r2020-12-02t1w2020-12-02yBK